000
00287 a2200109 4500
001
122247
020
_a
9782090354911
040
_c
Escola Canadense de Niteroi
100
_a
Colette Samson
245
1
0
_a
Amis 1 et compagnie - Méthode de Français - A1 - Cahier d' acivités
942
_c
BK
999
_c
122247
_d
122247